[Event "DSM WK M 2012"]
[Site "Karlsruhe GER"]
[Date "2012.05.05"]
[Round "5"]
[White "Mehling, Katharina"]
[Black "Evers, Annika"]
[Result "1-0"]
[Termination "normal"]
[Board "1.1"]
[WhiteElo "1714"]
[BlackElo "1774"]
[WhiteTeam "Johann-Schöner-Gymnasium Karlstadt"]
[BlackTeam "Athenaeum Stade"]
[PlyCount "129"]
[WhiteFideId "12900362"]
[BlackFideId "24691933"]
[EventCountry "GER"]
[EventRounds "7"]
[EventType "team-swiss"]
[EventDate "2012.05.03"]

1. d4 d5 2. c4 c6 3. Nf3 Nf6 4. Nc3 e6 5. e3 Nbd7 6. Bd3 Bd6 7. O-O O-O 8. e4
dxc4 9. Bxc4 b5 10. Bd3 e5 11. d5 cxd5 12. Nxb5 dxe4 13. Nxd6 exd3 14. Qxd3 Nc5
15. Qd1 Bg4 16. Be3 Ne6 17. h3 Bh5 18. Qd2 Bxf3 19. gxf3 Nd4 20. Bxd4 Qxd6 21.
Bc3 Qe6 22. Kh2 Nd5 23. Rg1 Rfd8 24. Qg5 Qf6 25. Qxf6 Nxf6 26. Bxe5 Ne8 27.
Rad1 f6 28. Bc3 Nd6 29. Rd3 Kf7 30. Rgd1 Ke6 31. Bb4 Nb7 32. Rxd8 Rxd8 33. Rxd8
Nxd8 34. Kg3 Kf5 35. Bc5 a6 36. b4 Ne6 37. Bd6 Nd4 38. Kg2 Nb5 39. Bf8 g5 40.
a4 Nc3 41. a5 Nb5 42. Bc5 h5 43. Be3 h4 44. Kf1 Ke5 45. Ke2 Nc7 46. Kd3 Nd5 47.
Kc4 Nc7 48. Kc5 Ke6 49. Bd2 Ke7 50. Kc6 Kd8 51. Be3 Kc8 52. Kd6 Kb7 53. Bd2
Nb5+ 54. Ke6 Nd4+ 55. Kxf6 Nxf3 56. Bxg5 Kc6 57. Kf5 Nxg5 58. Kxg5 Kb5 59. f4
Kxb4 60. f5 Kxa5 61. f6 Kb4 62. f7 a5 63. f8=Q+ Kb3 64. Qa8 a4 65. Kxh4 1-0

[Event "DSM WK M 2012"]
[Site "Karlsruhe GER"]
[Date "2012.05.05"]
[Round "5"]
[White "Lange, Anika"]
[Black "Mehling, Franziska"]
[Result "1/2-1/2"]
[Termination "normal"]
[Board "1.2"]
[WhiteElo "1523"]
[BlackElo "1691"]
[WhiteTeam "Athenaeum Stade"]
[BlackTeam "Johann-Schöner-Gymnasium Karlstadt"]
[PlyCount "58"]
[WhiteFideId "24693405"]
[BlackFideId "12900133"]
[EventCountry "GER"]
[EventRounds "7"]
[EventType "team-swiss"]
[EventDate "2012.05.03"]

1. d4 Nf6 2. Nf3 g6 3. e3 Bg7 4. Be2 d6 5. b4 O-O 6. Bb2 e5 7. dxe5 Ng4 8. O-O
Nxe5 9. Nxe5 dxe5 10. c4 Be6 11. Nc3 c6 12. Qc2 Nd7 13. Rad1 f5 14. Rd6 Qe7 15.
Rfd1 Nb6 16. Na4 Rfd8 17. Rxd8+ Rxd8 18. Nxb6 axb6 19. a3 Bf6 20. Rd2 Rxd2 21.
Qxd2 Qf7 22. Qc3 Kg7 23. h3 Bd7 24. Qd2 Qe6 25. f4 Be8 26. Qc3 e4 27. Qxf6+
Qxf6 28. Bxf6+ Kxf6 29. Kf2 Bf7 1/2-1/2

[Event "DSM WK M 2012"]
[Site "Karlsruhe GER"]
[Date "2012.05.05"]
[Round "5"]
[White "Schneider, Jana"]
[Black "Gerdts, Martina"]
[Result "1-0"]
[Termination "normal"]
[Board "1.3"]
[WhiteElo "1537"]
[BlackElo "1071"]
[WhiteTeam "Johann-Schöner-Gymnasium Karlstadt"]
[BlackTeam "Athenaeum Stade"]
[PlyCount "67"]
[WhiteFideId "12924997"]
[BlackFideId "12930628"]
[EventCountry "GER"]
[EventRounds "7"]
[EventType "team-swiss"]
[EventDate "2012.05.03"]

1. e4 c5 2. Nc3 d6 3. g3 g6 4. Bg2 Bg7 5. d3 Nc6 6. Be3 e6 7. Qd2 Nge7 8. O-O-O
Qc7 9. Bh6 Bxh6 10. Qxh6 Bd7 11. Nf3 O-O-O 12. Kb1 f5 13. Nb5 Qb8 14. Qe3 a6
15. Nc3 e5 16. Nd2 Be6 17. Nd5 fxe4 18. dxe4 Bxd5 19. exd5 Nf5 20. Bh3 Nce7 21.
Ne4 Kc7 22. Qc3 Qa7 23. Ng5 Rde8 24. Ne6+ Kb8 25. f4 Nxd5 26. Rxd5 Rxe6 27.
fxe5 Rhe8 28. Bxf5 Rxe5 29. Rxe5 Rxe5 30. Bd3 d5 31. Qxe5+ Ka8 32. Rf1 Qb6 33.
Rf8+ Ka7 34. Qb8# 1-0

[Event "DSM WK M 2012"]
[Site "Karlsruhe GER"]
[Date "2012.05.05"]
[Round "5"]
[White "Steffens, Skrolan"]
[Black "Höfling, Anna"]
[Result "1-0"]
[Termination "normal"]
[Board "1.4"]
[WhiteElo "800"]
[BlackElo "800"]
[WhiteTeam "Athenaeum Stade"]
[BlackTeam "Johann-Schöner-Gymnasium Karlstadt"]
[PlyCount "81"]
[EventCountry "GER"]
[EventRounds "7"]
[EventType "team-swiss"]
[EventDate "2012.05.03"]

1. e4 e5 2. Nf3 Nc6 3. Bc4 Nf6 4. Nc3 Bc5 5. O-O d6 6. d3 Bg4 7. Be3 Nd4 8.
Bxd4 Bxd4 9. Rb1 Bxc3 10. bxc3 O-O 11. Rxb7 Qc8 12. Rb1 h6 13. Qe2 Rb8 14. Qe3
Be6 15. Bb3 d5 16. Nxe5 Qe8 17. exd5 Bxd5 18. c4 Bb7 19. Rfe1 Qc8 20. Ba4 Rd8
21. Bc6 Rd6 22. Qf3 Bxc6 23. Rxb8 Qxb8 24. Nxc6 Qb7 25. Ne7+ Kh8 26. Qxb7 a6
27. Qxc7 Rd7 28. Qc8+ Kh7 29. Re4 h5 30. Re5 g6 31. f3 Rd6 32. Nd5 Nd7 33. Re7
Nb6 34. Rxf7+ Kh6 35. Qxa6 Rd7 36. Rxd7 Nxd7 37. Ne7 Nf8 38. Qf6 Kh7 39. Qxf8
h4 40. Qg8+ Kh6 41. Qxg6# 1-0

[Event "DSM WK M 2012"]
[Site "Karlsruhe GER"]
[Date "2012.05.05"]
[Round "5"]
[White "Brandl, Lea Maria"]
[Black "Berger, Nadja"]
[Result "1-0"]
[Termination "normal"]
[Board "2.1"]
[WhiteElo "1712"]
[BlackElo "1837"]
[WhiteTeam "Marienschule Limburg"]
[BlackTeam "Friedrich-Dessauer-Gymnasium Aschaffenburg"]
[PlyCount "89"]
[WhiteFideId "24693049"]
[BlackFideId "24692212"]
[EventCountry "GER"]
[EventRounds "7"]
[EventType "team-swiss"]
[EventDate "2012.05.03"]

1. d4 d5 2. c4 e5 3. dxe5 d4 4. Nf3 Nc6 5. a3 Bg4 6. Nbd2 Qd7 7. h3 Bh5 8. g3
O-O-O 9. Bg2 Qe6 10. O-O d3 11. exd3 Nxe5 12. d4 Nxc4 13. Re1 Qd5 14. g4 Nxd2
15. Nxd2 Qxd4 16. gxh5 Bc5 17. Qg4+ Kb8 18. Qxd4 Bxd4 19. Nf3 Bf6 20. Rb1 Ne7
21. Bf4 Nd5 22. Bg3 Ka8 23. b3 c6 24. Rbd1 Bb2 25. a4 Ba3 26. Ng5 Rd7 27. h4 f6
28. Bh3 Re7 29. Rxe7 Bxe7 30. Ne6 Rg8 31. Nc7+ Nxc7 32. Bxc7 Rf8 33. Bf5 h6 34.
Rd3 b6 35. Rg3 Rf7 36. Be6 Rf8 37. Rxg7 Bc5 38. Rg6 Kb7 39. Bf4 Re8 40. Bf5
Re1+ 41. Kg2 Re7 42. Bxh6 Rh7 43. Rg7+ Rxg7+ 44. Bxg7 Bd4 45. h6 1-0

[Event "DSM WK M 2012"]
[Site "Karlsruhe GER"]
[Date "2012.05.05"]
[Round "5"]
[White "Schnepper, Pauline"]
[Black "Liez, Franziska"]
[Result "1/2-1/2"]
[Termination "normal"]
[Board "2.2"]
[WhiteElo "1596"]
[BlackElo "1726"]
[WhiteTeam "Friedrich-Dessauer-Gymnasium Aschaffenburg"]
[BlackTeam "Marienschule Limburg"]
[PlyCount "44"]
[WhiteFideId "12918040"]
[BlackFideId "1271766"]
[EventCountry "GER"]
[EventRounds "7"]
[EventType "team-swiss"]
[EventDate "2012.05.03"]

1. e4 e5 2. Nf3 Nc6 3. d4 exd4 4. Bc4 Nf6 5. e5 d5 6. Bb5 Ne4 7. Nxd4 Bd7 8.
Bxc6 bxc6 9. O-O Be7 10. Nd2 Nc5 11. N2b3 O-O 12. Be3 Ne6 13. Re1 f6 14. exf6
Bxf6 15. Nxe6 Bxe6 16. Bxa7 Rxa7 17. Rxe6 Bxb2 18. Rb1 Rxa2 19. Rxc6 Be5 20.
Rc5 Bxh2+ 21. Kxh2 Qh4+ 22. Kg1 Qxf2+ 1/2-1/2

[Event "DSM WK M 2012"]
[Site "Karlsruhe GER"]
[Date "2012.05.05"]
[Round "5"]
[White "Liez, Tatjana"]
[Black "Schwind, Clara"]
[Result "1/2-1/2"]
[Termination "normal"]
[Board "2.3"]
[WhiteElo "1500"]
[BlackElo "1396"]
[WhiteTeam "Marienschule Limburg"]
[BlackTeam "Friedrich-Dessauer-Gymnasium Aschaffenburg"]
[PlyCount "98"]
[WhiteFideId "1271769"]
[BlackFideId "12964581"]
[EventCountry "GER"]
[EventRounds "7"]
[EventType "team-swiss"]
[EventDate "2012.05.03"]

1. e4 c5 2. Nf3 Nc6 3. Bb5 a6 4. Bxc6 bxc6 5. h3 g6 6. O-O Bg7 7. d3 d6 8. Nc3
Nf6 9. Be3 O-O 10. Qd2 Re8 11. Ne2 Bb7 12. Ng3 Qd7 13. Bh6 Rab8 14. Bxg7 Kxg7
15. Nh2 h6 16. f4 Rg8 17. f5 g5 18. Qc3 Kf8 19. Rad1 h5 20. Qd2 h4 21. Ne2 Nh5
22. Nf3 f6 23. Nh2 Bc8 24. b3 Qc7 25. Ng4 Bd7 26. Rf2 Be8 27. Qc3 Rh8 28. Rd2
Bf7 29. Qa1 Ng7 30. Qe1 Bh5 31. Rf3 Qa5 32. a4 Qd8 33. Rd1 Qe8 34. Qa5 Ra8 35.
Qd2 Bxg4 36. hxg4 Qb8 37. Rh3 d5 38. Qe1 Qe5 39. g3 Kf7 40. Qc3 Qxc3 41. Nxc3
d4 42. Ne2 hxg3 43. Rxh8 Rxh8 44. Nxg3 Rh3 45. Kg2 Rh7 46. Rh1 Rxh1 47. Kxh1
Kg8 48. Kg2 e6 49. Kf2 e5 1/2-1/2

[Event "DSM WK M 2012"]
[Site "Karlsruhe GER"]
[Date "2012.05.05"]
[Round "5"]
[White "Künstler, Tabea"]
[Black "Bajorski, Maria Sophie"]
[Result "1/2-1/2"]
[Termination "normal"]
[Board "2.4"]
[WhiteElo "1357"]
[BlackElo "1455"]
[WhiteTeam "Friedrich-Dessauer-Gymnasium Aschaffenburg"]
[BlackTeam "Marienschule Limburg"]
[PlyCount "112"]
[BlackFideId "24654531"]
[EventCountry "GER"]
[EventRounds "7"]
[EventType "team-swiss"]
[EventDate "2012.05.03"]

1. c4 Nf6 2. Nc3 e6 3. g3 d5 4. cxd5 exd5 5. Bg2 c5 6. Nf3 Nc6 7. O-O Be7 8. d4
Be6 9. Bg5 b6 10. Bxf6 Bxf6 11. dxc5 Bxc3 12. bxc3 bxc5 13. Qa4 Qd7 14. Rad1
O-O 15. Rd2 Rfd8 16. Rfd1 Qc7 17. Qc2 h6 18. e4 dxe4 19. Qxe4 Rab8 20. Rxd8+
Rxd8 21. Rxd8+ Nxd8 22. Qa4 Bd7 23. Qc4 Ne6 24. Nd2 Qb6 25. Qb3 Qc7 26. Nc4 Ng5
27. Qb7 Qxb7 28. Bxb7 Be6 29. Ba6 Bd5 30. Nd2 Bxa2 31. f4 Ne6 32. Kf2 Kf8 33.
Ke3 Ke7 34. Ke4 Nc7 35. Bb7 a5 36. Bc6 Kd6 37. Ba4 Bd5+ 38. Kd3 Na8 39. Nc4+
Bxc4+ 40. Kxc4 Nb6+ 41. Kb5 Nxa4 42. Kxa4 Kd5 43. Kb3 f6 44. h3 g5 45. c4+ Kd4
46. fxg5 hxg5 47. g4 Ke5 48. Ka4 Kd4 49. Kb5 a4 50. Kxa4 Kxc4 51. Ka3 Kc3 52.
Ka2 c4 53. Kb1 Kd2 54. Kb2 c3+ 55. Kb3 c2 56. Kb4 c1=Q 0-1

[Event "DSM WK M 2012"]
[Site "Karlsruhe GER"]
[Date "2012.05.05"]
[Round "5"]
[White "Polert, Annika"]
[Black "Heinemann, Josefine"]
[Result "0-1"]
[Termination "normal"]
[Board "3.1"]
[WhiteElo "1806"]
[BlackElo "1850"]
[WhiteTeam "Gymnasium Harksheide"]
[BlackTeam "Werner-von-Siemens-Gymnasium Magdeburg"]
[PlyCount "118"]
[WhiteFideId "24692328"]
[BlackFideId "12900460"]
[EventCountry "GER"]
[EventRounds "7"]
[EventType "team-swiss"]
[EventDate "2012.05.03"]

1. c4 Nf6 2. g3 g6 3. Bg2 d5 4. cxd5 Nxd5 5. Nc3 Nb6 6. Nf3 Bg7 7. d3 O-O 8.
O-O Nc6 9. Bd2 Bg4 10. h3 Bd7 11. Qc1 Qc8 12. Kh2 Nd4 13. Nxd4 Bxd4 14. Bh6 Rd8
15. Qf4 Bg7 16. Bxg7 Kxg7 17. Qe5+ Kg8 18. Qxe7 Re8 19. Qg5 f5 20. Rac1 c6 21.
Rfe1 Qd8 22. Qf4 Be6 23. b3 Nd5 24. Nxd5 Bxd5 25. Bxd5+ Qxd5 26. Qc4 Rad8 27.
Rc3 Kg7 28. Qxd5 Rxd5 29. b4 Kf6 30. h4 f4 31. gxf4 Rd4 32. e4 Rxb4 33. Rb3
Rxb3 34. axb3 Rd8 35. Re3 Rd4 36. Kg3 Rb4 37. e5+ Ke6 38. Re4 Rxb3 39. Rd4 a5
40. Rd6+ Ke7 41. h5 a4 42. hxg6 hxg6 43. Rxg6 a3 44. Rg8 Rb6 45. f5 a2 46. f6+
Ke6 47. Re8+ Kf7 48. Re7+ Kf8 49. e6 a1=Q 50. Rf7+ Kg8 51. Rg7+ Kh8 52. e7 Qe5+
53. f4 Qxf6 54. e8=Q+ Kxg7 55. Qd7+ Kg8 56. Qe8+ Qf8 57. Qe6+ Kh7 58. Qh3+ Qh6
59. Qd7+ Qg7+ 0-1

[Event "DSM WK M 2012"]
[Site "Karlsruhe GER"]
[Date "2012.05.05"]
[Round "5"]
[White "Peschos, Celine"]
[Black "Köhler, Inken"]
[Result "1/2-1/2"]
[Termination "normal"]
[Board "3.2"]
[WhiteElo "1460"]
[BlackElo "1310"]
[WhiteTeam "Werner-von-Siemens-Gymnasium Magdeburg"]
[BlackTeam "Gymnasium Harksheide"]
[PlyCount "66"]
[BlackFideId "12929301"]
[EventCountry "GER"]
[EventRounds "7"]
[EventType "team-swiss"]
[EventDate "2012.05.03"]

1. e4 e5 2. Nf3 Nc6 3. d4 exd4 4. Nxd4 Bb4+ 5. c3 Bc5 6. Be3 Qf6 7. Bc4 Nge7 8.
O-O Ng6 9. f4 d6 10. Kh1 Bd7 11. Qd3 O-O 12. Nd2 a6 13. N2b3 Ba7 14. Bd5 Nge7
15. Bxc6 Nxc6 16. Rae1 Rfe8 17. Nxc6 Bxe3 18. Qxe3 Bxc6 19. Nd4 Rxe4 20. Qd2
Rxe1 21. Rxe1 Bd7 22. Qe3 c5 23. Nf3 Qe6 24. Qd3 Qf6 25. Qe4 Bc6 26. Qe3 Qd8
27. Qd3 h6 28. h3 Qc7 29. Rd1 Rd8 30. a3 Ba4 31. Rd2 c4 32. Qe3 Rc8 33. Qd4 Rd8
1/2-1/2

[Event "DSM WK M 2012"]
[Site "Karlsruhe GER"]
[Date "2012.05.05"]
[Round "5"]
[White "Hackbarth, Rieke Marie"]
[Black "Zander, Carolin"]
[Result "0-1"]
[Termination "normal"]
[Board "3.3"]
[WhiteElo "800"]
[BlackElo "800"]
[WhiteTeam "Gymnasium Harksheide"]
[BlackTeam "Werner-von-Siemens-Gymnasium Magdeburg"]
[PlyCount "90"]
[EventCountry "GER"]
[EventRounds "7"]
[EventType "team-swiss"]
[EventDate "2012.05.03"]

1. e4 e5 2. Nf3 Nc6 3. Bc4 Bc5 4. d3 d6 5. h3 Be6 6. Bb5 Nf6 7. O-O a6 8. Ba4
O-O 9. Bg5 d5 10. exd5 Bxd5 11. c4 Be6 12. Nc3 h6 13. Bxf6 Qxf6 14. Qe1 Rad8
15. Ne4 Qe7 16. Nxc5 Qxc5 17. Bc2 b5 18. cxb5 axb5 19. a4 Qxc2 20. axb5 Nd4 21.
Nxd4 Rxd4 22. Rc1 Qxb2 23. Rxc7 Qxb5 24. Re7 Rxd3 25. Qe2 Rfd8 26. Re1 f6 27.
Rxe6 Qb3 28. Re7 Rd1 29. Ra7 Rxe1+ 30. Qxe1 Rd1 31. Ra8+ Kh7 32. Ra3 Qb1 33.
Re3 Rxe1+ 34. Rxe1 Qxe1+ 35. Kh2 Qxf2 36. Kh1 Qe1+ 37. Kh2 g5 38. g4 Kg6 39.
Kg2 Qe3 40. Kh2 h5 41. gxh5+ Kxh5 42. Kg2 Kh4 43. Kh2 Qd2+ 44. Kh1 Kg3 45. h4
Qh2# 0-1

[Event "DSM WK M 2012"]
[Site "Karlsruhe GER"]
[Date "2012.05.05"]
[Round "5"]
[White "Döring, Saskia"]
[Black "Bahr, Hannah"]
[Result "1-0"]
[Termination "normal"]
[Board "3.4"]
[WhiteElo "800"]
[BlackElo "800"]
[WhiteTeam "Werner-von-Siemens-Gymnasium Magdeburg"]
[BlackTeam "Gymnasium Harksheide"]
[PlyCount "89"]
[EventCountry "GER"]
[EventRounds "7"]
[EventType "team-swiss"]
[EventDate "2012.05.03"]

1. e4 e5 2. Nf3 Bd6 3. Bc4 Nf6 4. O-O O-O 5. d4 a6 6. Re1 Bb4 7. Bd2 Nc6 8. c3
h6 9. cxb4 d6 10. d5 Nb8 11. Bc3 Nh5 12. Nbd2 Nf4 13. g3 Nh3+ 14. Kg2 Qg5 15.
Nxg5 Nxg5 16. f4 Bh3+ 17. Kf2 exf4 18. gxf4 Nh7 19. e5 dxe5 20. Bxe5 f6 21.
Bxc7 Nd7 22. d6+ Rf7 23. Bxf7+ Kxf7 24. Re7+ Kf8 25. Rxd7 Ke8 26. Qa4 b5 27.
Qa5 Kxd7 28. Rg1 Re8 29. Rxg7+ Kc8 30. Rxh7 Re6 31. Re7 h5 32. Rxe6 Bxe6 33.
Qxa6+ Kd7 34. Ne4 Bd5 35. Nxf6+ Ke6 36. Nxd5 Kxd5 37. Ke3 Kc4 38. a3 Kb3 39.
Qc6 Kxb2 40. Kd3 Kxa3 41. Qxb5 h4 42. Kc3 Ka2 43. Qa4+ Kb1 44. Qc2+ Ka1 45.
Qb2# 1-0

[Event "DSM WK M 2012"]
[Site "Karlsruhe GER"]
[Date "2012.05.05"]
[Round "5"]
[White "Wiesner, Paula"]
[Black "Krein, Jana"]
[Result "1-0"]
[Termination "normal"]
[Board "4.1"]
[WhiteElo "1776"]
[BlackElo "1362"]
[WhiteTeam "Goethe-Gymnasium Karlsruhe"]
[BlackTeam "Auguste-Viktoria-Gymnasium Trier"]
[PlyCount "45"]
[WhiteFideId "24654019"]
[BlackFideId "12937762"]
[EventCountry "GER"]
[EventRounds "7"]
[EventType "team-swiss"]
[EventDate "2012.05.03"]

1. d4 d5 2. c4 c6 3. Nf3 Bf5 4. Qb3 Qb6 5. cxd5 Qxb3 6. axb3 cxd5 7. Nc3 e6 8.
Nb5 Na6 9. Rxa6 bxa6 10. Nc7+ Kd7 11. Nxa8 Kc8 12. Bf4 Bb4+ 13. Nd2 Ba5 14. b4
Bd8 15. e4 dxe4 16. Bxa6+ Kd7 17. Nb3 Ne7 18. Nc5+ Kc6 19. b5+ Kd5 20. Nc7+
Bxc7 21. Bxc7 Kxd4 22. Nb3+ Kd5 23. Ke2 1-0

[Event "DSM WK M 2012"]
[Site "Karlsruhe GER"]
[Date "2012.05.05"]
[Round "5"]
[White "Kim, Yu-Mi"]
[Black "Henke, Hanna"]
[Result "1-0"]
[Termination "normal"]
[Board "4.2"]
[WhiteElo "1239"]
[BlackElo "916"]
[WhiteTeam "Auguste-Viktoria-Gymnasium Trier"]
[BlackTeam "Goethe-Gymnasium Karlsruhe"]
[PlyCount "25"]
[WhiteFideId "12955361"]
[BlackFideId "12964441"]
[EventCountry "GER"]
[EventRounds "7"]
[EventType "team-swiss"]
[EventDate "2012.05.03"]

1. e4 e5 2. Nf3 Nc6 3. Bc4 Bc5 4. Nc3 d6 5. h3 Nf6 6. O-O O-O 7. d3 h6 8. Be3
Bxe3 9. fxe3 Bd7 10. Nh4 a6 11. a3 Nh7 12. Ng6 Re8 13. Bxf7# 1-0

[Event "DSM WK M 2012"]
[Site "Karlsruhe GER"]
[Date "2012.05.05"]
[Round "5"]
[White "Ketterer, Beatrice"]
[Black "Kim, Yun-Mi"]
[Result "1-0"]
[Termination "normal"]
[Board "4.3"]
[WhiteElo "785"]
[BlackElo "1064"]
[WhiteTeam "Goethe-Gymnasium Karlsruhe"]
[BlackTeam "Auguste-Viktoria-Gymnasium Trier"]
[PlyCount "45"]
[WhiteFideId "12983411"]
[EventCountry "GER"]
[EventRounds "7"]
[EventType "team-swiss"]
[EventDate "2012.05.03"]

1. e4 e5 2. Nf3 Nc6 3. Bc4 Bc5 4. O-O d6 5. h3 Be6 6. Bxe6 fxe6 7. d3 Nf6 8.
Bg5 O-O 9. Nc3 d5 10. a3 d4 11. Ne2 Be7 12. b4 b5 13. a4 a6 14. c3 Qd6 15. Qb3
Nd7 16. Bxe7 Qxe7 17. cxd4 exd4 18. Nexd4 Nxb4 19. Nxe6 Rfc8 20. Nxc7+ Kh8 21.
Nxa8 Rxa8 22. axb5 Nc5 23. Qxb4 1-0

[Event "DSM WK M 2012"]
[Site "Karlsruhe GER"]
[Date "2012.05.05"]
[Round "5"]
[White "Mertes, Kathrin"]
[Black "Kipp, Emma"]
[Result "1-0"]
[Termination "normal"]
[Board "4.4"]
[WhiteElo "1085"]
[BlackElo "800"]
[WhiteTeam "Auguste-Viktoria-Gymnasium Trier"]
[BlackTeam "Goethe-Gymnasium Karlsruhe"]
[PlyCount "63"]
[EventCountry "GER"]
[EventRounds "7"]
[EventType "team-swiss"]
[EventDate "2012.05.03"]

1. e4 e5 2. Nf3 Nc6 3. Bc4 Nf6 4. Ng5 Rg8 5. Bxf7+ Ke7 6. Bxg8 h6 7. Bc4 hxg5
8. c3 Nxe4 9. O-O a6 10. d4 b5 11. Bd5 Nf6 12. Bxg5 Ke8 13. dxe5 Be7 14. Re1
Nxd5 15. Qxd5 Bxg5 16. e6 Bb7 17. exd7+ Kf8 18. Qf5+ Bf6 19. Qc5+ Be7 20. Rxe7
Nxe7 21. c4 g6 22. Nc3 g5 23. Qxg5 Bc6 24. Qf6+ Kg8 25. Qe6+ Kf8 26. Rd1 b4 27.
Ne4 Kg7 28. Rd3 Qf8 29. Rg3+ Ng6 30. Qxg6+ Kh8 31. Rh3+ Qh6 32. Rxh6# 1-0

[Event "DSM WK M 2012"]
[Site "Karlsruhe GER"]
[Date "2012.05.05"]
[Round "5"]
[White "Krtschil, Anna"]
[Black "Beier, Nina"]
[Result "1-0"]
[Termination "normal"]
[Board "5.1"]
[WhiteElo "1524"]
[BlackElo "1579"]
[WhiteTeam "Salza Gymnasium Bad Langensalza"]
[BlackTeam "Albertus-Magnus-Schule Viernheim"]
[PlyCount "144"]
[WhiteFideId "4611144"]
[BlackFideId "24660434"]
[EventCountry "GER"]
[EventRounds "7"]
[EventType "team-swiss"]
[EventDate "2012.05.03"]

1. e4 e6 2. d4 d5 3. e5 b6 4. Nf3 h6 5. Bd3 Ba6 6. b3 Bxd3 7. Qxd3 Ne7 8. O-O
Nf5 9. Be3 Nd7 10. c4 c6 11. Nc3 Ne7 12. Rac1 Ng6 13. cxd5 cxd5 14. Nb5 Rc8 15.
Rxc8 Qxc8 16. Rc1 Qb8 17. Nc7+ Kd8 18. Nxe6+ Ke7 19. Nc7 Qb7 20. Qb5 a6 21.
Nxd5+ Kd8 22. Qc6 Qb8 23. Qc7+ Qxc7 24. Nxc7 Nb8 25. d5 Nd7 26. e6 fxe6 27.
dxe6 Nc5 28. Bxc5 Bxc5 29. Nxa6 Bd6 30. Nd4 Ke7 31. Rd1 Ra8 32. Nf5+ Kxe6 33.
Nxd6 Rxa6 34. a4 Ra8 35. Nc4 Ke7 36. g3 Rb8 37. Rd6 Nf8 38. Rxb6 Rxb6 39. Nxb6
Kd6 40. a5 Ne6 41. Nc4+ Kc5 42. a6 Nc7 43. a7 Kc6 44. f4 Kb7 45. Kf2 Kxa7 46.
Ke3 Kb7 47. Ke4 Kc6 48. h4 Kd7 49. Ke5 Ke7 50. g4 Ne8 51. g5 hxg5 52. fxg5 Kd7
53. h5 Ke7 54. Kf5 Kf7 55. Ne5+ Ke7 56. h6 gxh6 57. gxh6 Nf6 58. b4 Nh7 59. Kg6
Nf8+ 60. Kg7 Ne6+ 61. Kg8 Ng5 62. h7 Nxh7 63. Kxh7 Kd6 64. Nd3 Kc6 65. Kg6 Kb5
66. Kf5 Kb6 67. Ke6 Kc6 68. Ke5 Kb6 69. Kd5 Kb5 70. Kd4 Kb6 71. Kc4 Kc6 72.
Ne5+ Kb6 1-0

[Event "DSM WK M 2012"]
[Site "Karlsruhe GER"]
[Date "2012.05.05"]
[Round "5"]
[White "Werner, Tanja"]
[Black "Halle, Julia"]
[Result "0-1"]
[Termination "normal"]
[Board "5.2"]
[WhiteElo "1153"]
[BlackElo "1312"]
[WhiteTeam "Albertus-Magnus-Schule Viernheim"]
[BlackTeam "Salza Gymnasium Bad Langensalza"]
[PlyCount "99"]
[BlackFideId "24694940"]
[EventCountry "GER"]
[EventRounds "7"]
[EventType "team-swiss"]
[EventDate "2012.05.03"]

1. e4 d6 2. d4 g6 3. Nf3 Nf6 4. Nc3 Bg7 5. h3 Nbd7 6. Bc4 c6 7. O-O b5 8. Be2
b4 9. e5 bxc3 10. exf6 Nxf6 11. bxc3 O-O 12. Rb1 Qa5 13. Rb3 Qxa2 14. Ba3 Be6
15. c4 Rab8 16. Rc3 Ne4 17. Re3 Bh6 18. Rxe4 Qxa3 19. Rh4 Kg7 20. d5 cxd5 21.
cxd5 Bf5 22. Qd4+ f6 23. Ra1 Qb2 24. Qxa7 Rb7 25. Qa6 Bxc2 26. Nd4 Bf5 27.
Nxf5+ gxf5 28. Bh5 Rb4 29. Rxb4 Qxb4 30. Qa7 Qe4 31. Qb7 Bg5 32. Ra8 Qe1+ 33.
Kh2 Bf4+ 34. g3 Qxf2+ 35. Kh1 Qe1+ 36. Kg2 Qxg3+ 37. Kf1 Qxh3+ 38. Ke1 Rxa8 39.
Qxa8 Qxh5 40. Qa6 Be3 41. Qb7 Kf7 42. Qc8 Qf3 43. Qc2 h5 44. Qe2 Qxe2+ 45. Kxe2
f4 46. Kf3 h4 47. Kg4 Kg8 48. Kxh4 f3 49. Kg3 f2 50. Kg2 0-1

[Event "DSM WK M 2012"]
[Site "Karlsruhe GER"]
[Date "2012.05.05"]
[Round "5"]
[White "Seeger, Amelie"]
[Black "Schirrmeister, Laura"]
[Result "0-1"]
[Termination "normal"]
[Board "5.4"]
[WhiteElo "800"]
[BlackElo "1135"]
[WhiteTeam "Albertus-Magnus-Schule Viernheim"]
[BlackTeam "Salza Gymnasium Bad Langensalza"]
[PlyCount "52"]
[BlackFideId "24694967"]
[EventCountry "GER"]
[EventRounds "7"]
[EventType "team-swiss"]
[EventDate "2012.05.03"]

1. e4 d6 2. Bc4 Nf6 3. d3 g6 4. Nf3 Bg7 5. Nc3 c5 6. O-O O-O 7. h3 a6 8. Nd5
Nbd7 9. Nxf6+ Nxf6 10. e5 dxe5 11. Nxe5 b5 12. Nc6 Qd6 13. Na5 bxc4 14. Nxc4
Qc6 15. Ne5 Qe6 16. Qf3 Rb8 17. Re1 Bb7 18. Qe2 Qd5 19. f3 Nh5 20. c4 Qd4+ 21.
Be3 Qxe5 22. Qf2 Bc6 23. Bxc5 Qxb2 24. Bxe7 Bd4 25. Qxd4 Qxd4+ 26. Kf1 Ng3# 0-1

[Event "DSM WK M 2012"]
[Site "Karlsruhe GER"]
[Date "2012.05.05"]
[Round "5"]
[White "Zelbel, Jacqueline"]
[Black "Wolff, Marie Antoinette"]
[Result "1-0"]
[Termination "normal"]
[Board "6.1"]
[WhiteElo "1255"]
[BlackElo "1144"]
[WhiteTeam "Immanuel-Kant-Gymnasium Dortmund"]
[BlackTeam "Louise-Henriette-Gymnasium Oranienburg"]
[PlyCount "101"]
[BlackFideId "12908258"]
[EventCountry "GER"]
[EventRounds "7"]
[EventType "team-swiss"]
[EventDate "2012.05.03"]

1. e4 c5 2. c3 g6 3. d4 cxd4 4. cxd4 Bg7 5. Nf3 e6 6. Nc3 Ne7 7. Bb5 O-O 8. O-O
b6 9. e5 Nbc6 10. Bg5 Bb7 11. Re1 Rb8 12. d5 Nb4 13. d6 Re8 14. dxe7 Rxe7 15.
Bxe7 Qxe7 16. a3 Bxf3 17. gxf3 Qg5+ 18. Kf1 Nc6 19. Bxc6 dxc6 20. Qd4 Qf5 21.
Qg4 Qd3+ 22. Kg2 c5 23. Qe4 Qd8 24. Rad1 Qg5+ 25. Qg4 Qe7 26. f4 Bh6 27. Kg3
Qb7 28. h4 b5 29. Qf3 Qc7 30. Qd3 b4 31. axb4 cxb4 32. Nb5 Qa5 33. Ra1 Qxb5 34.
Qxb5 Rxb5 35. Rxa7 Rc5 36. Re4 Rd5 37. Rxb4 Rd3+ 38. Kg2 Rd2 39. Rb8+ Kg7 40.
Rbb7 Bxf4 41. Rxf7+ Kg8 42. Rxf4 Rxb2 43. Ra6 Rb3 44. Rxe6 Rb7 45. Kg3 Rb3+ 46.
Kg4 Rb1 47. Kg5 Kg7 48. Re7+ Kg8 49. Kh6 Rh1 50. Rg7+ Kh8 51. Rf8# 1-0

[Event "DSM WK M 2012"]
[Site "Karlsruhe GER"]
[Date "2012.05.05"]
[Round "5"]
[White "Ziegel, Mandy Marie"]
[Black "Hudde, Marnie"]
[Result "0-1"]
[Termination "normal"]
[Board "6.2"]
[WhiteElo "867"]
[BlackElo "800"]
[WhiteTeam "Louise-Henriette-Gymnasium Oranienburg"]
[BlackTeam "Immanuel-Kant-Gymnasium Dortmund"]
[PlyCount "100"]
[EventCountry "GER"]
[EventRounds "7"]
[EventType "team-swiss"]
[EventDate "2012.05.03"]

1. d4 d5 2. c4 Nf6 3. Nc3 Bf5 4. Nf3 Nc6 5. Bg5 e6 6. e3 Bb4 7. a3 Bxc3+ 8.
bxc3 h6 9. Bh4 g5 10. Nxg5 hxg5 11. Bxg5 Rg8 12. Bh4 Rg6 13. cxd5 Qxd5 14. f3
e5 15. Bxf6 Rxf6 16. Bd3 e4 17. fxe4 Bxe4 18. Bxe4 Qxe4 19. Qe2 O-O-O 20. Rf1
Rxf1+ 21. Kxf1 f5 22. Qf3 Qd3+ 23. Kf2 Rf8 24. Ra2 Qxc3 25. g4 Qb3 26. Re2 Qf7
27. gxf5 Qxf5 28. Qxf5+ Rxf5+ 29. Kg3 Kd7 30. h4 Ke6 31. Kg4 Rf8 32. Kg5 Ne7
33. e4 a6 34. h5 Rh8 35. Rf2 Rg8+ 36. Kh4 Rh8 37. Kg5 Rg8+ 38. Kf4 Rf8+ 39. Kg3
Rxf2 40. Kxf2 Kf6 41. Kg3 Kg5 42. e5 Kxh5 43. Kf4 Kg6 44. a4 a5 45. Ke4 c6 46.
Kd3 Kf5 47. Kc4 b6 48. Kd3 Kf4 49. Kd2 Ke4 50. Kc3 Nd5+ 0-1